00497nam a2200145Ia 4500008004100000020001800041050002600059100001600085245004300101260002100144300002300165440002200188500011500210650002600325120626s9999 xx 000 0 und d a958-80-1777-704aHF5415.I22 S7618 20011 aSTONE, Bob.10aManual de mercadeo directocBob Stone. aColombia : b3R. axx, 545 páginas  aTemas gerenciales aContiene: Índice de contenido Íntroducción Glosario Traducción de: Successful direct maketing methods17aMERCADOTECNIA DIRECTA